Marvel Slideshow: Guardians of the Galaxy Quiz Stats

 Plays Quiz not verified by Sporcle

Score 0/16 Timer 03:00
0 Plays Today
% Correct
Star Lord
100%
Rocket Raccoon
96.1%
Drax
91.2%
Groot
90.8%
Gamora
87.6%
Iron Man
68%
Captain Marvel
63.7%
Moondragon
52.6%
% Correct
Mantis
52.3%
Adam Warlock
51.3%
Bug
49%
Agent Venom
39.2%
Angela
38.9%
Major Victory
34.6%
Jack Flag
29.1%
Martyr
13.7%

You're not logged in!

Compare scores with friends on all Sporcle quizzes.
OR
Log In

Show Comments

Extras

Top Quizzes Today


Score Distribution

Your Account Isn't Verified!

In order to create a playlist on Sporcle, you need to verify the email address you used during registration. Go to your Sporcle Settings to finish the process.

Report this User

Report this user for behavior that violates our Community Guidelines.

Details: